000 01024nam a2200289 i 4500
001 164322
003 ES-MaACL
005 20250927105643.0
008 050729s1857 fr | |||||||| ||fre d
040 _aCAM
_bspa
_cCAM
100 1 _aSaint-Julien.
_9132287
_eaut
245 1 4 _aLes courriers de la Fronde :
_ben vers burlesques /
_cpar Saint-Julien ; revus et annotés par C. Moreau.
260 _aParis :
_bchez P. Jannet, libraire,
_c1857 (
_fimprimé par Guiraudet et Jouaust)
300 _a2 v. (XXXI, 392 ; 400 p.) ;
_c17 cm.
490 1 _aBibliothèque elzevirienne
598 _aDato de serie tomado de BN Opale-plus.
655 7 _aPoesías
_2tgfbne
_9176539
700 1 _aMoreau, C.,
_983202
700 1 _aJannet, Pierre,
_d1820-1870
_9128271
700 1 _aGuiraudet et Jouaust,
_9127632
752 _aFrancia -
_dParís
830 0 _aBibliothèque elzevirienne
_9180979
852 _aES-MaACL
_jG-2349-2350
_cDEPO2
942 _cMONANT
999 _c164322
_d164322